Scrambled Words Ending in “G” - Statistics

General Stats
  • This quiz has been taken 73 times
    65 since last reset
  • The average score is 19 of 25
Answer Stats
Hint Answer % Correct
mongA Among
100%
Bgein Being
91%
wigiBg Bigwig
91%
ngrPo Prong
91%
grnWo Wrong
91%
Shgru Shrug
89%
iagzgZ Zigzag
89%
Cnyclgi Cycling
88%
iiewngV Viewing
88%
icExngti Exciting
86%
oggEgn Eggnog
80%
tmuegN Nutmeg
77%
npOinge Opening
75%
gRgtaa Ragtag
75%
Inigc Icing
71%
claogkB Backlog
68%
golncU Unclog
68%
rlanDgi Darling
66%
agernniY Yearning
63%
iougtOgn Outgoing
61%
allAippng Appalling
59%
npgrfOfis Offspring
59%
tFgnalio Floating
55%
onmgpciU Upcoming
54%
rBaeoognm Boomerang
52%
No matching quizzes found
Score Distribution
Percent of People with Each Score
Percentile by Number Answered
Your Score History
You have not taken this quiz since the last reset